Loading...
| Literature - World | 0 | 11 | 0 | 1 | 110 | 41 | 78.09 | 1 | 5 | 0.00 | 0.00 |
| Fine Arts - Painting and Sculpture | 0 | 10 | 1 | 0 | 95 | 22 | 44.30 | 4 | 10 | 0.00 | 0.00 |
| Science - Chemistry | 0 | 9 | 0 | 1 | 90 | 31 | 64.33 | 2 | 7 | 0.00 | 0.00 |
| Literature - American | 0 | 8 | 0 | 0 | 80 | 45 | 85.38 | 1 | 5 | 0.00 | 0.00 |
| Science - Other | 0 | 7 | 2 | 1 | 60 | 45 | 72.00 | 0 | 1 | 0.00 | 0.00 |
| Literature - British | 0 | 6 | 0 | 2 | 60 | 35 | 85.83 | 1 | 2 | 0.00 | 0.00 |
| Science - Biology | 0 | 5 | 1 | 0 | 45 | 35 | 45.60 | 2 | 5 | 0.00 | 0.00 |
| Literature - European | 0 | 4 | 1 | 0 | 35 | 48 | 80.75 | 0 | 1 | 0.00 | 0.00 |
| Science - Physics | 0 | 4 | 3 | 1 | 25 | 44 | 65.75 | 1 | 1 | 0.00 | 0.00 |
| Philosophy | 0 | 3 | 1 | 0 | 25 | 66 | 73.33 | 1 | 2 | 0.00 | 0.00 |
| Fine Arts - Other | 0 | 3 | 2 | 1 | 20 | 63 | 86.67 | 1 | 3 | 0.00 | 0.00 |
| Fine Arts - Classical Music | 0 | 2 | 1 | 0 | 15 | 79 | 97.00 | 0 | 0 | 0.00 | 0.00 |
| Religion | 0 | 1 | 0 | 0 | 10 | 84 | 84.00 | 0 | 1 | 0.00 | 0.00 |
| History - World | 0 | 1 | 0 | 0 | 10 | 79 | 79.00 | 0 | 0 | 0.00 | 0.00 |
| History - Other | 0 | 1 | 0 | 1 | 10 | 102 | 102.00 | 0 | 0 | 0.00 | 0.00 |
| Social Science | 0 | 1 | 1 | 0 | 5 | 56 | 56.00 | 0 | 1 | 0.00 | 0.00 |